000 00640nam a2200277Ia 4500
005 20260324134004.0
008 008 260324s9999 xx 000 0 eng d
020 _a9781315246710
037 _aEBOOK
040 _aCRL
040 _beng
040 _cCRL
041 _2eng
041 _aeng
084 _qCRL
100 _aYvonne Rydin; Andy Thornley
_91195153
245 0 _aPlanning in a Global Era
260 _bTaylor and Francis
260 _c2002
365 _a
365 _b265
856 _uhttp://www.taylorfrancis.com/books/9781315246710
942 _cEBOOK
999 _c1794759
_d1794759